[Event "Titled Tuesday intern op 04th Jun Early"]
[Site "Chess.com INT"]
[Date "2024.06.04"]
[Round "5"]
[White "Grochal, Joey"]
[Black "Javakhadze, Zurab"]
[Result "0-1"]
[WhiteElo "2251"]
[BlackElo "2417"]
[PlyCount "82"]
[EventDate "2024.06.04"]
[EventType "swiss (blitz)"]
[EventRounds "11"]
[EventCountry "USA"]
[SourceTitle "EXT 2025"]
[Source "ChessBase"]
[SourceDate "2024.10.14"]
[SourceVersion "1"]
[SourceVersionDate "2024.10.14"]
[SourceQuality "1"]

1. e4 c5 2. Nf3 d6 3. d4 cxd4 4. Nxd4 Nf6 5. Nc3 g6 6. Be3 Bg7 7. f3 a6 8. Qd2 Nbd7 9. Bc4 b5 10. Bb3 Bb7 11. 0-0-0 Rc8 12. Kb1 Qc7 13. Nd5 Nxd5 14. Bxd5 Bxd5 15. exd5 Nb6 16. Bh6 Bxh6 17. Qxh6 Nxd5 18. Qg7 Rf8 19. Rhe1 e5 20. Nb3 Qxc2+ 21. Ka1 Qc6 22. Na5 Qc7 23. Nb3 Nb4 24. Re2 a5 25. f4 f6 26. fxe5 dxe5 27. Qxc7 Rxc7 28. Nxa5 Ra7 29. Nb3 Rxa2+ 30. Kb1 Ra6 31. Re4 Nc6 32. Rd5 Rb6 33. Nc5 Rf7 34. Re3 Re7 35. Ra3 e4 36. Ra8+ Kf7 37. Kc1 Nb4 38. Rdd8 Rc6 39. Rf8+ Kg7 40. Rac8 Rec7 41. Rf7+ Kxf7 0-1